=LDR 00000nam 2200000 4500 =001 INLIS000000000022395 =005 20200309075849 =035 ##$$a 0010-061300000022395 =008 200309################g##########0#ind## =041 ##$$a Ind =082 ##$$a 158.1 =090 ##$$a 158.1, Irm r =100 ##$$a Irmim, Soejitno =245 1#$$a Rahasia hidup efektif /$c Soejatno Irmim =260 ##$$a Jakarta :$b Seyma Media,$c 2004 =300 ##$$a viii, 135 hlm, ; $c 19 x 14 cm =650 #4$$a Hidup efektif =850 ##$$a NBPNMAT =084 ##$$a 158.1 IRM r =990 ##$$a 10401697